| Tag |
First Indicator |
Second Indicator |
Subfields |
| LEADER |
00000cam a2200000 a 4500 |
| 001 |
in00000083462 |
| 005 |
20151008061304.0 |
| 008 |
820118s1981 enkaf b 00110 eng |
| 010 |
|
|
|a 79040670
|
| 015 |
|
|
|a GB***
|
| 020 |
|
|
|a 0198173253 :
|c 17.50
|
| 035 |
|
|
|a (OCoLC)07674983
|
| 035 |
|
|
|9 AAJ7736AM
|
| 039 |
0 |
|
|a 2
|b 3
|c 3
|d 3
|e 3
|
| 040 |
|
|
|a DLC
|c DLC
|d TXA
|d UtOrBLW
|
| 049 |
|
|
|a TXAM
|c [388164]
|
| 050 |
0 |
0 |
|a NA2515
|b .N67 1981
|
| 082 |
0 |
|
|a 720
|2 19
|
| 100 |
1 |
|
|a North, Roger,
|d 1651-1734.
|
| 245 |
1 |
0 |
|a Of building :
|b Roger North's writings on architecture /
|c edited by Howard Colvin and John Newman.
|
| 264 |
|
1 |
|a Oxford [Oxfordshire] :
|b Clarendon Press,
|c 1981.
|
| 300 |
|
|
|a xxvii, 160 pages, 15 unnumbered pages of plates :
|b illustrations ;
|c 26 cm.
|
| 336 |
|
|
|a text
|b txt
|2 rdacontent
|
| 337 |
|
|
|a unmediated
|b n
|2 rdamedia
|
| 338 |
|
|
|a volume
|b nc
|2 rdacarrier
|
| 504 |
|
|
|a Includes bibliographical references and index.
|
| 650 |
|
0 |
|a Architecture
|v Early works to 1800.
|
| 700 |
1 |
|
|a Colvin, Howard,
|d 1919-2007.
|
| 700 |
1 |
|
|a Newman, John,
|d 1936-
|
| 999 |
|
|
|a MARS
|
| 999 |
f |
f |
|s c36f315c-7e61-323c-bb76-eaeff1b25762
|i a6e22dce-dac5-3677-bd70-4b936c49de7e
|t 0
|
| 952 |
f |
f |
|p ric
|a Texas A&M University
|b Rellis Campus
|c Joint Library Facility
|d Remote Storage
|t 0
|e NA2515 .N67 1981
|h Library of Congress classification
|i unmediated -- volume
|m A14806168007
|
| 998 |
f |
f |
|a NA2515 .N67 1981
|t 0
|l Remote Storage
|